| 000 | 00767dam0a22002411 4500 | ||
|---|---|---|---|
| 001 | v19\rc\2063252 | ||
| 005 | 20250620025059.0 | ||
| 035 | _a(NLR Aleph) 005139615 | ||
| 090 |
_a4789748 _c4789748 |
||
| 100 | _a20081111f19101919|||y0rusy50 ca | ||
| 101 | 0 | _arus | |
| 102 | _aRU | ||
| 105 | _aa z |||a| | ||
| 200 | 1 |
_aJom Hachupo _d(День венчания) _eДрама из евр. жизни в 3 ч. _e[Краткое содерж. кинофильма] _fС. Минтус _zrus |
|
| 210 |
_aРига _c[Гемпель и К° _d191-?] |
||
| 215 |
_a[8] c. _cил. |
||
| 510 | 0 |
_a(День венчания) _zrus |
|
| 801 | 0 |
_aRU _bNLR _gpsbo |
|
| 801 | 1 |
_aRU _bProSoft-M _2rusmarc |
|
| 852 |
_aNLR _j40.21.7.410 |
||
| 942 | _cBOOK | ||
| 980 | _aNB | ||